A study in the analysis of stationary time series /

Guardado en:
Autor Principal: Wold, Herman O. A., 1908-
Otros Autores: Whittle, Peter. (Colaborador)
Formato: Libro
Idioma:English
Publicado: Stockholm : Almqvist & Wiksell, [1954]
Edición:2nd ed. /
Etiquetas: Agregar Etiqueta
Sin Etiquetas, Sea el primero en etiquetar este registro!
LEADER 00569nam a22001695a 4500
001 MAT.inmabb000853
008 031119s1954####sw############001#0#eng#d
005 20160602154822.0
245 1 2 |a A study in the analysis of stationary time series /  |c by Herman Wold. 
250 |a 2nd ed. /  |b with an appendix by Peter Whittle. 
260 |a Stockholm :  |b Almqvist & Wiksell,  |c [1954] 
300 |a viii, 236 p. ;  |c cm. 
510 4 |a MR,  |c 15,811d 
100 1 |a Wold, Herman O. A.,  |d 1908- 
700 1 |a Whittle, Peter.  |4 clb 
084 |a 62Mxx  |2 msc2000 
859 |h 62  |i W852s-2  |p A-669  |b BIB. MATEMATICA